| 000 | 02186nam a22003137a 4500 | ||
|---|---|---|---|
| 008 | 100607t xxu||||| |||| 00| 0 eng d | ||
| 020 | _a9780230223912 | ||
| 082 |
_222 _a006.7 _bPUL |
||
| 100 | 1 |
_aPulman, Andy _914607 |
|
| 245 |
_aBlogs Wikis Podcasts & More / _cAndy Pulman. |
||
| 260 |
_aEngland : _bPalgrave, _cc2009. |
||
| 300 |
_ax, 112 p.: _bill.; _c19 cm. |
||
| 490 |
_aPocket study skills _914612 |
||
| 650 |
_aWikis _x(Computer science) _914608 |
||
| 650 |
_aPodcasting _914609 |
||
| 650 |
_aBlogs. _914610 |
||
| 650 |
_aOnline social networks. _914611 |
||
| 942 |
_2ddc _cBB |
||
| 999 |
_c14063 _d14063 |
||